000 01765cam a22004814i 4500
003 PE-LiUPU
005 20250731172741.0
008 150617s r 000 0 d
020 _a8422010259
035 _a(Sirsi) i9788422010258
040 _aPE-LiUPU
_bspa
_cPE-LiUPU
_erda
049 _aPRUA
082 0 4 _a239
_bM77
_221
100 1 _aMondin, Battista,
_eautor.
245 1 0 _aTeologías de la praxis /
_cBattista Mondin.
264 1 _aMadrid :
_bBiblioteca de Autores Cristianos,
_c1981.
300 _a194 páginas ;
_c19 centímetros.
336 _atext
_2rdacontent
337 _aunmediated
_2rdamedia
338 _avolume
_2rdacarrier
490 0 _aBAC popular ;
_v39
505 0 _aEl origen de las teologías de las praxis -- Teología de la cultura -- Teología del trabajo -- Teología del juego -- Teología del progreso -- Teología política -- Teología de la revolución -- Teología de la liberación -- Relaciones entre iglesia y mundo, entre ortodoxia y ortopraxis.
526 _aSEG42
526 _aSEG41
526 _aSEG40
526 _aSEG39
526 _aP94
526 _aP87
526 _aP86
526 _aP85
526 _aP77
526 _aP76
526 _aP35
650 0 4 _aIglesia y civilización.
650 0 4 _aTeología.
910 _ajck
_bjvq
_cjck
_d20150616
942 _2ddc
_cBOOK
949 _a239 M77
_wDEWEY
_c1
_i21518
_lCCODEBUL1
_mBUL
_r0
_sY
_tBOOK
_u2015-6-17
_xTEOLOGIA
_PP35
_0COMPRA
_o.STAFF. Colección general
994 _aC0
_bPEPRU
596 _a1
999 _a239 M77
_wDEWEY
_c2170
_i21518
_f2021-11-10
_g5
_lCCODEBUL1
_mBUL
_r0
_sY
_tBOOK
_u2015-6-17
_xTEOLOGIA
_PP35
_0COMPRA
_o.STAFF. Colección general
_d2170
980 _81
_gALBERTO SANCHEZ Responsable de Automatización